000 00589pam a2200205 a 4500
001 1559482
005 20250312200911.0
008 920409s1993 nyua b 001 0 eng
020 _a007066997X
050 0 0 _aBF713
_b.V36 1993
082 0 0 _a155
_220
100 2 _aVander Zanden, James Wilfrid.
245 1 0 _aHuman development /
_cJames W. Vander Zanden.
250 _a5th ed.
260 _aNew York :
_bMcGraw Hill,
_cc1993.
300 _axvii, 715 p. :
_bill. (some col.) ;
_c29 cm.
500 _aIncludes Index
650 0 _aDevelopmental psychology
_vTextbooks.
942 _2lcc
_cBK
_n0
999 _c4724
_d4724